The Ocean of Churn: How the Indian Ocean Shaped Human History / (Record no. 31974)

000 -LEADER
fixed length control field 00503 a2200181 4500
003 - CONTROL NUMBER IDENTIFIER
control field OSt
005 - DATE AND TIME OF LATEST TRANSACTION
control field 20260113101932.0
008 - FIXED-LENGTH DATA ELEMENTS--GENERAL INFORMATION
fixed length control field 260113b ||||| |||| 00| 0 eng d
020 ## - INTERNATIONAL STANDARD BOOK NUMBER
International Standard Book Number 9780143429081
040 ## - CATALOGING SOURCE
Transcribing agency .
082 ## - DEWEY DECIMAL CLASSIFICATION NUMBER
Classification number 909.09824
Item number S238
100 ## - MAIN ENTRY--PERSONAL NAME
9 (RLIN) 6440
Personal name Sanyal, Sanjeev
245 ## - TITLE STATEMENT
Title The Ocean of Churn: How the Indian Ocean Shaped Human History /
Statement of responsibility, etc. by Sanyal, Sanjeev
260 ## - PUBLICATION, DISTRIBUTION, ETC.
Name of publisher, distributor, etc. Penguin Random House,
Place of publication, distribution, etc. Gurgaon :
Date of publication, distribution, etc. 2017.
300 ## - PHYSICAL DESCRIPTION
Extent 297 p.
650 #0 - SUBJECT ADDED ENTRY--TOPICAL TERM
9 (RLIN) 134
Topical term or geographic name entry element History
942 ## - ADDED ENTRY ELEMENTS (KOHA)
Source of classification or shelving scheme
Koha item type Books
Holdings
Withdrawn status Lost status Source of classification or shelving scheme Damaged status Not for loan Permanent Location Current Location Shelving location Date acquired Source of acquisition Cost, normal purchase price Full call number Barcode Date last seen Cost, replacement price Price effective from Koha item type Total Checkouts Date last checked out
          IMU Kolkata IMU Kolkata Reference 2026-01-13 24 233.22 909.09824 S238 14378 2026-01-13 299.00 2026-01-13 Books    
          IMU Kolkata IMU Kolkata   2026-01-13 24 233.22 909.09824 S238 14379 2026-04-04 299.00 2026-01-13 Books 1 2026-03-17
Designed and Maintained by IMU-KC Library, Kolkata Campus © Copyright All Rights Reserved

webs counters

Powered by Koha